| 000 | 00862nam a2200253 i 4500 | ||
|---|---|---|---|
| 001 | 6620 | ||
| 003 | ES-MaACL | ||
| 005 | 20230906145023.0 | ||
| 007 | t| | ||
| 008 | 900118s1989 sp ||||1| spa d | ||
| 020 | _a84-505-8792-1 | ||
| 080 | _a061.43(467.31)"1989":366.1(46) | ||
| 080 | _a366.1(46)"1728/1939" | ||
| 245 | 0 | 3 |
_aLa Masoneria española _b: 1728-1939 : exposicion, Alicante 1989. |
| 260 |
_aAlicante : _bInstituto de Cultura "Juan Gil-Albert", _c1989. |
||
| 300 |
_a183 p. : _bprincipalmente il. ; _c26 cm. |
||
| 610 | 2 |
_aMasonería- _zEspaña- _vExposiciones. _95661 |
|
| 655 | 7 |
_2tgfbne _9193628 _aCatálogos de exposiciones |
|
| 710 | 2 |
_aInstituto de Estudios "Juan Gil-Albert" _94913 |
|
| 852 |
_aES-MaACL _jL-13748 _bR.127949 _z. - rust. |
||
| 852 |
_aES-MaACL _jL-13747 _bR.117251 |
||
| 942 | _2udc | ||
| 999 |
_c6620 _d6620 |
||